000 00629nam a2200181 a 4500
001 22051
003 CO-ViMGA
008 141112s2004 ck r 000 u spa d
020 _a01216325
040 _aCO-ViMGA
_bspa
_cCO-ViMGA
245 1 0 _aAxxis No. 171
260 _aPanamá :
_blegis,
_c2007
300 _a105
500 _aFecha : 2007. Vol. y núm. : 171
505 _aArquitectura Una ventana hacia el paisaje 28 - - Decoracion La casa exuberante 40 - - Especial automoviles Diseño en movimiento 86
590 _aForma de adquisición : Suscripción 2007 - - Fecha de adquisición : Septiembre 2007
942 _2ddc
_cBK
999 _c30545
_d30545